| 000 | 00565nam a2200193Ia 4500 | ||
|---|---|---|---|
| 008 | 160319s9999 xx 000 0 und d | ||
| 245 | 4 | _aThe King and I [videorecording] / | |
| 245 | _cDarry F. Zanuck presents Rodgers and Hammerstein's The King and I. | ||
| 260 | _bCapitol Records. | ||
| 260 | _c1993 | ||
| 300 | _a1 videodisc (87 min.) : | ||
| 300 | _bsound color : | ||
| 300 | _c4 3/4 in. | ||
| 650 | _aGovernesses -- Thailand -- | ||
| 650 | _aMusical films. | ||
| 650 | _aThailand -- Kings and rulers -- | ||
| 650 | _x Drama. | ||
| 650 | _xDrama. | ||
| 999 |
_c292762 _d292762 |
||